| 000 | 00484nam a2200157 4500 | ||
|---|---|---|---|
| 005 | 20251023144636.0 | ||
| 008 | 251023b |||||||| |||| 00| 0 eng d | ||
| 020 |
_a9780195139761 _qpbk |
||
| 041 | _aeng | ||
| 082 |
_a658.514 _bVEN |
||
| 100 | _aVan de ven, Andrew | ||
| 245 |
_aResearch on the Management of Innovation : _bThe Minnesota studies _cAndrew H. Van de Ven |
||
| 260 |
_aNew delhi _bOxford university press _c2000 |
||
| 300 | _axxvii, 720 p., ill.: 25 cm. | ||
| 942 | _cREF | ||
| 999 |
_c592955 _d592955 |
||